000 03408cam a2200325 4500500
005 20260208004404.0
041 _afre
042 _adc
100 1 0 _aČepaitienė, Auksuolė
_eauthor
700 1 0 _aMuller, Sylvie
_eauthor
245 0 0 _aRésistance et mémoire. L’artisanat secret des camps soviétiques
260 _c2018.
500 _a23
520 _aLa mémoire tend à être matérialisée par des choses qui forment un tout objectif et représentent des personnes et leur vie. Tout en étant individuelle, cette mémoire objectivée donne corps à une histoire nationale, à ses récits et images collectives. Cet article montre que la création d’objets d’artisanat, à la fois acte de mémoire et acte de résistance patriotique, aide les prisonniers politiques à traverser indemnes la déportation et la captivité. Ces objets, fabriqués en secret dans les camps soviétiques entre 1941 et 1956 constituent, avec leur histoire, le terrain empirique de cette étude.
520 _aMemories tend to be materialized as things that are objective and complete, and stand for persons and their lives. These memories are individual, and at the same time they embody national histories, and images. The paper discusses the ways in which the creating of handicrafts is a way of remembering that serves as a political act of resistance, and a way to keep people, things, lives, and communities undamaged under conditions of political imprisonment and displacement. The empirical ground of discussion is the handicrafts made secretly in Soviet prison and deportation camps, and their stories.
520 _aLa memoria tiende a materializarse en cosas que forman un todo objetivo y representan personas y su vida. Aun siendo individual, esta memoria objetivada toma cuerpo en una historia nacional, en sus relatos y en sus imágenes colectivas. Este articulo muestra que la creación de objetos de artesanía, al mismo tiempo acto de memoria y acto de resistencia patriótica, ayuda a los prisioneros políticos a soportar indemnes la deportación y el cautiverio. Estos objetos, fabricados en secreto en los campos soviéticos entre 1941 y 1956, y su historia constituyen el terreno empírico de este estudio.
520 _aErinnerung wird durch Dinge materialisiert, die ein objektives Ganzes bilden und Menschen und ihr Leben zeigen. Diese vergegenständlichte Erinnerung ist zwar individuell, vermittelt aber eine nationale Geschichte, ihre kollektiven Erzählungen und Bilder. Dieser Artikel zeigt auf, dass das Erstellen von Kunsthandwerk sowohl ein Akt der Erinnerung als auch ein Akt des patriotischen Widerstandes ist, der den politischen Gefangenen hilft, die Deportation und die Gefangenschaft unbeschadet zu überstehen. Die Gegenstände, die zwischen 1941 und 1956 heimlich in den sowjetischen Lagern hergestellt wurden und ihre Geschichten bilden die empirische Grundlage für diese Studie.
690 _aDéportation soviétique
690 _aLituanie
690 _aMatérialité
690 _aMémoire
690 _aRésistance
690 _aLithuania
690 _amateriality
690 _aMemory
690 _aresistance
690 _aSoviet deportation
786 0 _nEthnologie française | 48 | 2 | 2018-03-27 | p. 253-264 | 0046-2616
856 4 1 _uhttps://shs.cairn.info/revue-ethnologie-francaise-2018-2-page-253?lang=fr&redirect-ssocas=7080
999 _c1649659
_d1649659